| Tag |
First Indicator |
Second Indicator |
Subfields |
| LEADER |
00000cam a2200000 a 4500 |
| 001 |
in00000081123 |
| 005 |
20151008055420.0 |
| 008 |
820213s1981 njua j 00010 eng |
| 010 |
|
|
|a 80054097
|
| 019 |
|
|
|a 7481090
|
| 020 |
|
|
|a 0893754463
|
| 020 |
|
|
|a 0893754471 (pbk.)
|
| 035 |
|
|
|a (OCoLC)07457962
|
| 035 |
|
|
|9 AAJ3408AM
|
| 039 |
0 |
|
|a 2
|b 3
|c 3
|d 3
|e 3
|
| 040 |
|
|
|a DLC
|c DLC
|d TXA
|d UtOrBLW
|
| 049 |
|
|
|a [Curr Col] TXAM
|c [1361903]
|
| 050 |
0 |
0 |
|a QH91.45
|b .P254
|
| 082 |
0 |
|
|a 574.92
|2 19
|
| 100 |
1 |
|
|a Paige, David,
|d 1939-2005.
|
| 245 |
1 |
2 |
|a A Day in the life of a marine biologist /
|c by David Paige ; photography by Roger Ruhlin.
|
| 264 |
|
1 |
|a Mahwah, N.J. :
|b Troll Associates,
|c [1981]
|
| 264 |
|
4 |
|c ©1981
|
| 300 |
|
|
|a 32 pages :
|b color illustrations ;
|c 24 cm.
|
| 336 |
|
|
|a text
|b txt
|2 rdacontent
|
| 337 |
|
|
|a unmediated
|b n
|2 rdamedia
|
| 338 |
|
|
|a volume
|b nc
|2 rdacarrier
|
| 520 |
|
|
|a Follows a day's activities of a marine biologist as she studies and takes care of sea animals at an oceanographic institute.
|
| 650 |
|
0 |
|a Marine biology
|x Vocational guidance
|x Juvenile literature.
|
| 650 |
|
0 |
|a Marine biologists
|x Juvenile literature.
|
| 650 |
|
1 |
|a Marine biologists.
|
| 650 |
|
1 |
|a Occupations.
|
| 700 |
1 |
|
|a Ruhlin, Roger.
|
| 999 |
|
|
|a MARS
|
| 999 |
f |
f |
|s 5ad8c2e6-fdfc-360d-a2d7-d4890a13d3a6
|i 666a3279-3a8a-3db0-b4f4-2dc2b133beb6
|t 0
|
| 952 |
f |
f |
|p normal
|a Texas A&M University
|b College Station
|c Sterling C. Evans Library
|d Evans: Curriculum Collection (4th floor)
|t 0
|e QH91.45 .P254
|h Library of Congress classification
|i unmediated -- volume
|m A14806055822
|
| 998 |
f |
f |
|a QH91.45 .P254
|t 0
|l Evans: Curriculum Collection (4th floor)
|